<?xml version="1.0" encoding="UTF-8"?>
<record
    xmlns:xsi="http://www.w3.org/2001/XMLSchema-instance"
    xsi:schemaLocation="http://www.loc.gov/MARC21/slim http://www.loc.gov/standards/marcxml/schema/MARC21slim.xsd"
    xmlns="http://www.loc.gov/MARC21/slim">

  <leader>00630nam a22001937a 4500</leader>
  <controlfield tag="001">2699</controlfield>
  <controlfield tag="003">HMS</controlfield>
  <controlfield tag="005">20260409092545.0</controlfield>
  <controlfield tag="008">250826e1964    sp  |||gr|||| 00| f spa  </controlfield>
  <datafield tag="040" ind1=" " ind2=" ">
    <subfield code="a">hms</subfield>
    <subfield code="b">spa</subfield>
    <subfield code="c">hms</subfield>
  </datafield>
  <datafield tag="082" ind1="0" ind2="4">
    <subfield code="a">843 S825</subfield>
  </datafield>
  <datafield tag="100" ind1="1" ind2=" ">
    <subfield code="a">Stendhal </subfield>
    <subfield code="d">1783-1842.</subfield>
    <subfield code="e">autor</subfield>
    <subfield code="9">4048</subfield>
  </datafield>
  <datafield tag="245" ind1="1" ind2="0">
    <subfield code="a">Rojo y blanco /</subfield>
    <subfield code="c">Standhal ; Luciano Leuwn ; traducci&#xF3;n Fernando Gutierrez</subfield>
    <subfield code="h">[libro]</subfield>
    <subfield code="n">volumen 1</subfield>
  </datafield>
  <datafield tag="260" ind1=" " ind2=" ">
    <subfield code="a">Espa&#xF1;a :</subfield>
    <subfield code="b">Editorial Iberia,</subfield>
    <subfield code="b">Gr&#xE1;ficas Diamante,</subfield>
    <subfield code="c">1964</subfield>
  </datafield>
  <datafield tag="300" ind1=" " ind2=" ">
    <subfield code="a">300 p&#xE1;ginas </subfield>
  </datafield>
  <datafield tag="490" ind1="0" ind2=" ">
    <subfield code="a">Obras Maestras</subfield>
  </datafield>
  <datafield tag="500" ind1=" " ind2=" ">
    <subfield code="a">Un &lt;&lt;Stendhal&gt;&gt; poco conocido : El autor de &lt;&lt;Rojo y Blanco&gt;&gt; </subfield>
  </datafield>
  <datafield tag="942" ind1=" " ind2=" ">
    <subfield code="2">ddc</subfield>
    <subfield code="c">COL GRAL</subfield>
    <subfield code="n">0</subfield>
  </datafield>
  <datafield tag="999" ind1=" " ind2=" ">
    <subfield code="c">2699</subfield>
    <subfield code="d">2699</subfield>
  </datafield>
  <datafield tag="952" ind1=" " ind2=" ">
    <subfield code="0">0</subfield>
    <subfield code="1">0</subfield>
    <subfield code="2">ddc</subfield>
    <subfield code="4">0</subfield>
    <subfield code="7">0</subfield>
    <subfield code="8">Col. Res.</subfield>
    <subfield code="a">BHMS</subfield>
    <subfield code="b">BHMS</subfield>
    <subfield code="c">Full Space</subfield>
    <subfield code="d">2025-08-26</subfield>
    <subfield code="i">001250</subfield>
    <subfield code="l">0</subfield>
    <subfield code="o">843 S895 1964 c.1 v.1</subfield>
    <subfield code="p">001250</subfield>
    <subfield code="r">2025-08-26 11:01:00</subfield>
    <subfield code="w">2025-08-26</subfield>
    <subfield code="y">CP</subfield>
  </datafield>
</record>
